| 000 | 00727nam a2200193 a 4500 | ||
|---|---|---|---|
| 008 | 071213s2005 ||||||||||||||||| || u | ||
| 020 | _a0821362054 | ||
| 050 | _aIBRD(06)CFR/2004/1 | ||
| 110 | _aWorld Bank | ||
| 245 | 1 | 0 | _aPrivate solutions for infrastructure in Lesotho: a country framework report |
| 260 |
_aWashington, D. C.: _bWorld Bank _c2005 |
||
| 300 | _avii, 91p. : ill. | ||
| 350 | _a0.00 | ||
| 490 | _aCountry framework report | ||
| 650 | _aINFRASTRUCTURE--ECONOMICS--LESOTHO | ||
| 650 | _aINFRASTRUCTURE | ||
| 650 | _aLESOTHO--ECONOMIC POLICY | ||
| 995 |
_D0.00 _FCBU-MAIN LIBRARY (Kitwe) _H1 _I0.00 _M1 _UAVAILABLE _WDec 13, 2007 _ZInternational Publications |
||
| 999 |
_c54697 _d54697 |
||